[Event "Titled Tuesday intern op 23rd Apr Late"]
[Site "Chess.com INT"]
[Date "2024.04.23"]
[Round "1"]
[White "Karamsetty, Jeevan"]
[Black "Nechitailo, Nikita"]
[Result "1-0"]
[WhiteElo "2222"]
[BlackElo "2248"]
[PlyCount "115"]
[EventDate "2024.04.23"]
[EventType "swiss (blitz)"]
[EventRounds "11"]
[EventCountry "USA"]
[SourceTitle "CB18_2024"]
[SourceDate "2024.05.01"]
[SourceVersion "1"]
[SourceVersionDate "2024.05.01"]
[SourceQuality "2"]

1. e4 c5 2. Nc3 d6 3. f4 Nc6 4. Nf3 g6 5. Bb5 Bg7 6. 0-0 e6 7. d3 Nge7 8. Qe1 0-0 9. Be3 Nd4 10. Bxd4 cxd4 11. Ne2 f5 12. Kh1 Qb6 13. Bc4 fxe4 14. dxe4 d5 15. exd5 exd5 16. Bb3 a5 17. Nexd4 Qd6 18. Nb5 Qc5 19. a4 Rxf4 20. Rd1 Bg4 21. Rd3 Kh8 22. Re3 Nf5 23. Re8+ Rxe8 24. Qxe8+ Qf8 25. Qxf8+ Bxf8 26. Nc3 Bxf3 27. gxf3 Ne3 28. Nxd5 Nxd5 29. Bxd5 Rxa4 30. b3 Rb4 31. Re1 Kg7 32. Ra1 b6 33. Rd1 Bc5 34. Be4 a4 35. Rd7+ Kf6 36. bxa4 Rxa4 37. Rxh7 g5 38. Kg2 Ra2 39. Rh6+ Ke5 40. Kh3 Be3 41. Kg4 Rb2 42. Rh8 Rb1 43. Kh5 Rh1 44. Kg6 Rg1 45. Re8+ Kd4 46. Re6 b5 47. Rf6 b4 48. Rf5 Kc3 49. Rb5 Bd2 50. Kf5 Be3 51. Rd5 Kb2 52. Rd3 Bf2 53. Rb3+ Kc1 54. Rxb4 Be3 55. c3 Bf4 56. Rb1+ Kd2 57. Rxg1 Bxh2 58. Rg2+ 1-0

[Event "Titled Tuesday intern op 16th Apr Early"]
[Site "Chess.com INT"]
[Date "2024.04.16"]
[Round "3"]
[White "Nechitailo, Nikita"]
[Black "Chemin, Vitorio"]
[Result "0-1"]
[WhiteElo "2248"]
[BlackElo "2131"]
[PlyCount "54"]
[EventDate "2024.04.16"]
[EventType "swiss (blitz)"]
[EventRounds "11"]
[EventCountry "USA"]
[SourceTitle "CB17_2024"]
[SourceDate "2024.04.24"]
[SourceVersion "1"]
[SourceVersionDate "2024.04.24"]
[SourceQuality "1"]

1. d4 d5 2. c4 e6 3. Nc3 c5 4. cxd5 cxd4 5. Qa4+ b5 6. Qxd4 Nf6 7. e3 a6 8. dxe6 Bxe6 9. Qxd8+ Kxd8 10. Bd2 Nc6 11. Be2 Nb4 12. 0-0-0 Nxa2+ 13. Nxa2 Bxa2 14. Ba5+ Ke8 15. b4 Rc8+ 16. Kb2 Bc4 17. Bf3 Rb8 18. Bc6+ Ke7 19. Nf3 g5 20. Bc7 Rc8 21. Bd6+ Ke6 22. Bb7 Bxd6 23. Nxg5+ Kf5 24. Bxc8+ Kxg5 25. f4+ Kg6 26. Bxa6 Bxb4 27. h4 h5 0-1

[Event "Titled Tuesday intern op 16th Apr Late"]
[Site "Chess.com INT"]
[Date "2024.04.16"]
[Round "2"]
[White "Shohat, Yotam"]
[Black "Nechitailo, Nikita"]
[Result "0-1"]
[WhiteElo "2398"]
[BlackElo "2248"]
[PlyCount "64"]
[EventDate "2024.04.16"]
[EventType "swiss (blitz)"]
[EventRounds "11"]
[EventCountry "USA"]
[SourceTitle "CB17_2024"]
[SourceDate "2024.04.24"]
[SourceVersion "1"]
[SourceVersionDate "2024.04.24"]
[SourceQuality "1"]

1. e4 c5 2. Nf3 d6 3. d4 cxd4 4. Qxd4 Nc6 5. Qd3 Nf6 6. Nc3 g6 7. Be2 Bg7 8. 0-0 0-0 9. Nd5 Nxd5 10. exd5 Bf5 11. Qc4 Ne5 12. Nxe5 Bxe5 13. f4 Qb6+ 14. Kh1 Rac8 15. Qb3 Rxc2 16. Bd1 Bxb2 17. Bxc2 Qxb3 18. axb3 Bxa1 19. Bxf5 gxf5 20. Be3 Bb2 21. Bxa7 Ra8 22. Bf2 Ra3 23. Re1 Kf8 24. Bh4 f6 25. h3 Rxb3 26. Bf2 Rb4 27. Rb1 b5 28. Be1 Rb3 29. g3 Re3 30. Bf2 Re2 31. Kg2 Bd4 32. Kf3 Rxf2# 0-1

[Event "Titled Tuesday intern op 13th Feb Early"]
[Site "Chess.com INT"]
[Date "2024.02.13"]
[Round "3"]
[White "Nechitailo, Nikita"]
[Black "Tikhonov, Viacheslav"]
[Result "1-0"]
[WhiteElo "2284"]
[BlackElo "2160"]
[PlyCount "51"]
[EventDate "2024.02.13"]
[EventType "swiss (blitz)"]
[EventRounds "11"]
[EventCountry "USA"]
[SourceTitle "CB08_2024"]
[SourceDate "2024.02.21"]
[SourceVersion "1"]
[SourceVersionDate "2024.02.21"]
[SourceQuality "1"]

1. d4 Nf6 2. c4 g6 3. f3 Bg7 4. e4 0-0 5. Nc3 d6 6. Nge2 b6 7. Bg5 Bb7 8. Qd2 Nbd7 9. g4 c5 10. h4 cxd4 11. Nxd4 Rc8 12. h5 Ne5 13. hxg6 fxg6 14. Be2 Qd7 15. Bh6 Rf7 16. b3 e6 17. Bxg7 Rxg7 18. Ndb5 d5 19. Qf4 a6 20. Qxe5 axb5 21. Qxf6 b4 22. Nb5 Rf8 23. Qd4 e5 24. Qxe5 Re7 25. Qd4 Qe8 26. cxd5 1-0

[Event "Titled Tuesday intern op 13th Feb Early"]
[Site "Chess.com INT"]
[Date "2024.02.13"]
[Round "4"]
[White "Yurovskich, Oleksandr"]
[Black "Nechitailo, Nikita"]
[Result "1-0"]
[WhiteElo "2328"]
[BlackElo "2284"]
[PlyCount "39"]
[EventDate "2024.02.13"]
[EventType "swiss (blitz)"]
[EventRounds "11"]
[EventCountry "USA"]
[SourceTitle "CB08_2024"]
[SourceDate "2024.02.21"]
[SourceVersion "1"]
[SourceVersionDate "2024.02.21"]
[SourceQuality "1"]

1. d4 Nf6 2. Nf3 e6 3. Bf4 d5 4. e3 Bd6 5. Bg3 0-0 6. Nbd2 c5 7. c3 Qc7 8. dxc5 Qxc5 9. Bd3 Nbd7 10. Qe2 e5 11. e4 dxe4 12. Bxe4 Qb6 13. Nc4 Qc7 14. Nxd6 Qxd6 15. Bc2 Re8 16. 0-0 Qe7 17. Rfe1 e4 18. Nd4 Nc5 19. Nb5 Nd3 20. Bxd3 1-0

[Event "Titled Tuesday intern op 16th Jan Early"]
[Site "Chess.com INT"]
[Date "2024.01.16"]
[Round "3"]
[White "Bournel, Antoine"]
[Black "Nechitailo, Nikita"]
[Result "0-1"]
[WhiteElo "2324"]
[BlackElo "2221"]
[PlyCount "56"]
[EventDate "2024.01.16"]
[EventType "swiss (blitz)"]
[EventRounds "11"]
[EventCountry "USA"]
[SourceTitle "CB04_2024"]
[SourceDate "2023.10.16"]
[SourceVersion "1"]
[SourceVersionDate "2023.10.16"]
[SourceQuality "1"]

1. d4 Nf6 2. c4 e6 3. Nf3 c5 4. g3 cxd4 5. Bg2 Bc5 6. Nxd4 Qb6 7. e3 Nc6 8. Nb3 0-0 9. 0-0 d6 10. Nc3 Ne5 11. Na4 Qc7 12. Nbxc5 dxc5 13. b3 Rd8 14. Qc2 Bd7 15. Bb2 Rab8 16. h3 a6 17. Rfd1 Bxa4 18. bxa4 Ne8 19. Qc3 f6 20. Ba3 Nd6 21. Bf1 Ne4 22. Qc2 f5 23. Bb2 Nf3+ 24. Kh1 Rxd1 25. Rxd1 Rd8 26. Rxd8+ Qxd8 27. Bg2 Qd1+ 28. Qxd1 Nxf2# 0-1

[Event "Titled Tuesday intern op 16th Jan Early"]
[Site "Chess.com INT"]
[Date "2024.01.16"]
[Round "4"]
[White "Gubajdullin, Alexey"]
[Black "Nechitailo, Nikita"]
[Result "1/2-1/2"]
[WhiteElo "2253"]
[BlackElo "2221"]
[PlyCount "119"]
[EventDate "2024.01.16"]
[EventType "swiss (blitz)"]
[EventRounds "11"]
[EventCountry "USA"]
[SourceTitle "CB04_2024"]
[SourceDate "2023.10.16"]
[SourceVersion "1"]
[SourceVersionDate "2023.10.16"]
[SourceQuality "1"]

1. d4 Nf6 2. Nf3 e6 3. Bf4 d5 4. Nbd2 Bd6 5. Bg3 0-0 6. e3 c5 7. Bd3 Qc7 8. dxc5 Qxc5 9. c4 Nc6 10. cxd5 Qxd5 11. Nc4 Bxg3 12. hxg3 Rd8 13. Be2 b5 14. Qxd5 Rxd5 15. Ncd2 Bb7 16. Rc1 a6 17. e4 Rd7 18. e5 Ng4 19. Rc5 Rd5 20. Rxd5 exd5 21. e6 fxe6 22. Ng5 Nf6 23. Nxe6 Re8 24. Nc5 Nd4 25. Nxb7 Rxe2+ 26. Kd1 Rxf2 27. Rh4 Ne6 28. a4 Rxg2 29. axb5 axb5 30. Rb4 Nc7 31. Rb3 Ne4 32. Nxe4 dxe4 33. Rc3 Nd5 34. Rc8+ Kf7 35. Nd6+ Ke6 36. Nxe4 Ke5 37. Re8+ Kd4 38. Kc1 Rg1+ 39. Kc2 Rg2+ 40. Kb3 Re2 41. Rg8 Rxe4 42. Rxg7 h5 43. Kc2 Rg4 44. Rh7 Rxg3 45. Rxh5 Nb4+ 46. Kc1 Rg1+ 47. Kd2 Rg2+ 48. Kd1 Kd3 49. Rh3+ Kd4 50. Rh5 Rxb2 51. Rxb5 Kc3 52. Rc5+ Kd3 53. Kc1 Rf2 54. Rc8 Na2+ 55. Kd1 Nc3+ 56. Ke1 Re2+ 57. Kf1 Ke3 58. Re8+ Ne4 59. Rxe4+ Kxe4 60. Kxe2 1/2-1/2

[Event "Titled Tuesday intern op 16th Jan Early"]
[Site "Chess.com INT"]
[Date "2024.01.16"]
[Round "1"]
[White "Nechitailo, Nikita"]
[Black "Panesso Rivera, Henry"]
[Result "0-1"]
[WhiteElo "2221"]
[BlackElo "2356"]
[PlyCount "92"]
[EventDate "2024.01.16"]
[EventType "swiss (blitz)"]
[EventRounds "11"]
[EventCountry "USA"]
[SourceTitle "CB04_2024"]
[SourceDate "2023.10.16"]
[SourceVersion "1"]
[SourceVersionDate "2023.10.16"]
[SourceQuality "1"]

1. d4 d5 2. c4 dxc4 3. e3 e6 4. Bxc4 Nf6 5. Nf3 c5 6. 0-0 a6 7. Bb3 Nc6 8. Nc3 Be7 9. dxc5 Qxd1 10. Rxd1 Bxc5 11. Nd4 Bd7 12. Na4 Ba7 13. Nxc6 Bxc6 14. Bd2 b5 15. Nc3 0-0 16. Rac1 Rfc8 17. Ne2 Bb6 18. Bc3 Ne4 19. Bd4 Bd8 20. f3 Nf6 21. e4 Bb7 22. Be3 Kf8 23. a4 bxa4 24. Bxa4 Be7 25. g4 h6 26. h4 Rxc1 27. Rxc1 Rc8 28. Rxc8+ Bxc8 29. g5 hxg5 30. hxg5 Nd7 31. Bc6 Ne5 32. Ba4 Nxf3+ 33. Kf2 Nxg5 34. Nd4 Nxe4+ 35. Kf3 Nd6 36. Nc6 Bb7 37. Kf4 g5+ 38. Ke5 Nc4+ 39. Kd4 Nxe3 40. Kxe3 Bc5+ 41. Kf3 f5 42. Kg3 Bd6+ 43. Kf3 g4+ 44. Kf2 f4 45. Nd8 Bd5 46. Bd7 Ke7 0-1

[Event "Titled Tuesday intern op 19th Dec Early"]
[Site "Chess.com INT"]
[Date "2023.12.19"]
[Round "3"]
[White "Titarov, Vasilii"]
[Black "Nechitailo, Nikita"]
[Result "1-0"]
[WhiteElo "2208"]
[BlackElo "2203"]
[PlyCount "111"]
[EventDate "2023.12.19"]
[EventType "swiss (blitz)"]
[EventRounds "11"]
[EventCountry "USA"]
[SourceTitle "CB52_2023"]
[SourceDate "2023.12.27"]
[SourceVersion "1"]
[SourceVersionDate "2023.12.27"]
[SourceQuality "1"]

1. e4 c5 2. Nf3 d6 3. d4 cxd4 4. Nxd4 Nf6 5. Nc3 Nc6 6. Be2 g6 7. 0-0 Bg7 8. Nb3 0-0 9. Re1 Be6 10. Bf1 Rc8 11. Bg5 h6 12. Bh4 g5 13. Bg3 d5 14. exd5 Nxd5 15. Nxd5 Qxd5 16. c3 Rfd8 17. Qxd5 Bxd5 18. Rad1 e5 19. h4 Kf8 20. hxg5 hxg5 21. f3 f5 22. Bf2 b6 23. Ba6 Rc7 24. Rd2 Bf7 25. Red1 Ke7 26. Bb5 Rxd2 27. Rxd2 Nb8 28. Be3 Be6 29. Bxg5+ Kf7 30. Rd8 Nc6 31. Rd6 Na5 32. Nxa5 bxa5 33. Be8+ Kxe8 34. Rxe6+ Kf7 35. Ra6 Rb7 36. b3 e4 37. fxe4 Bxc3 38. exf5 Kg7 39. g4 Rb4 40. Rg6+ Kf7 41. Bc1 Bd4+ 42. Kf1 Rxb3 43. axb3 a4 44. bxa4 a5 45. Ra6 Bc3 46. Ke2 Bb4 47. Kf3 Ke7 48. Bf4 Kf7 49. g5 Kg7 50. g6 Bc3 51. Kg4 Bf6 52. Bg5 Be5 53. Ra7+ Kf8 54. Ra6 Bd4 55. f6 Kg8 56. Ra8# 1-0

[Event "GER-chT Lands U20"]
[Site "Hannover"]
[Date "2023.10.02"]
[Round "3"]
[White "Heinisch, Niklas"]
[Black "Nechitailo, Nikita"]
[Result "1/2-1/2"]
[WhiteElo "1919"]
[BlackElo "2116"]
[PlyCount "41"]
[EventDate "2023.10.01"]
[EventType "team-swiss"]
[EventRounds "7"]
[EventCountry "GER"]
[SourceTitle "EXT 2024"]
[Source "ChessBase"]
[SourceDate "2023.10.10"]
[SourceVersion "1"]
[SourceVersionDate "2023.10.10"]
[SourceQuality "1"]

1. c4 c5 2. Nc3 Nc6 3. g3 g6 4. Bg2 Bg7 5. e4 e6 6. Nge2 Nge7 7. 0-0 0-0 8. d3 d6 9. Rb1 a5 10. Be3 Nd4 11. Qd2 Nec6 12. Rbe1 Rb8 13. Bxd4 Nxd4 14. Nxd4 Bxd4 15. Nb5 e5 16. Nxd4 cxd4 17. f4 f6 18. fxe5 dxe5 19. Rc1 Be6 20. a4 Qb6 21. b4 1/2-1/2

[Event "World-chT Rapid"]
[Site "Dusseldorf"]
[Date "2023.08.28"]
[Round "9"]
[White "Juegel, Marcel"]
[Black "Nechitailo, Nikita"]
[Result "1-0"]
[WhiteElo "2164"]
[BlackElo "2020"]
[PlyCount "87"]
[EventDate "2023.08.26"]
[EventType "team-swiss (rapid)"]
[EventRounds "12"]
[EventCountry "GER"]
[SourceTitle "CBM 215 Extra"]
[Source "ChessBase"]
[SourceDate "2023.09.30"]
[SourceVersion "1"]
[SourceVersionDate "2023.09.30"]
[SourceQuality "1"]
[WhiteTeam "Phile Khoob CC"]
[BlackTeam "Chess Wizzards"]
[WhiteTeamCountry "IRI"]
[BlackTeamCountry "UKR"]

1. d4 Nf6 2. Nc3 d5 3. Bf4 c5 4. e3 cxd4 5. exd4 a6 6. Bd3 e6 7. a3 Nc6 8. Nf3 Bd6 9. Qd2 0-0 10. 0-0 b5 11. Rfe1 Bb7 12. Bg5 Be7 13. Re2 b4 14. Na4 bxa3 15. bxa3 Qa5 16. Nc3 Nd7 17. Qe3 Bxg5 18. Nxg5 h6 19. Nf3 Kh8 20. Nb1 Nb6 21. Nbd2 Na4 22. g4 Nc3 23. Ree1 Qd8 24. g5 h5 25. Qf4 g6 26. Nh4 Kg7 27. Ndf3 a5 28. Re3 Ne4 29. Rb1 Rb8 30. Ne5 Nxd4 31. Bxe4 dxe4 32. Nc4 Nf5 33. Qe5+ Kh7 34. Nxf5 exf5 35. Nd6 Ba6 36. Rxb8 Qxb8 37. Rb3 Qd8 38. h4 a4 39. Rb4 Qd7 40. Rb6 Be2 41. Rb7 Qc6 42. Qf6 Qd5 43. Ne8 Qd1+ 44. Kh2 1-0

[Event "World-chT Rapid"]
[Site "Dusseldorf"]
[Date "2023.08.27"]
[Round "6.12"]
[White "Nechitailo, Nikita"]
[Black "Short, Nigel D"]
[Result "0-1"]
[WhiteElo "2116"]
[BlackElo "2592"]
[PlyCount "102"]
[EventDate "2023.08.26"]
[EventType "team-swiss (rapid)"]
[EventRounds "12"]
[EventCountry "GER"]
[SourceTitle "CBM 215 Extra"]
[Source "ChessBase"]
[SourceDate "2023.09.30"]
[SourceVersion "1"]
[SourceVersionDate "2023.09.30"]
[SourceQuality "1"]
[WhiteTeam "Chess Wizzards"]
[BlackTeam "FIDE Management Board"]
[WhiteTeamCountry "UKR"]

1. d4 Nf6 2. Nf3 e6 3. e3 b6 4. Nbd2 Bb7 5. Bd3 c5 6. b3 Nc6 7. a3 Qc7 8. Bb2 Be7 9. 0-0 0-0 10. c4 Rad8 11. Qc2 h6 12. Rac1 d6 13. Rfe1 Qb8 14. e4 cxd4 15. Nxd4 Ne5 16. Bf1 Ng6 17. g3 Rfe8 18. Bg2 a6 19. h4 Ba8 20. b4 Rc8 21. Qb3 Ne5 22. a4 a5 23. f4 Nc6 24. Nxc6 Bxc6 25. Bd4 e5 26. Bf2 exf4 27. gxf4 Ng4 28. Bg3 axb4 29. Bh3 h5 30. Bxg4 hxg4 31. Qxb4 d5 32. Qb1 dxe4 33. Nxe4 Bxe4 34. Rxe4 Bc5+ 35. Kh2 Rxe4 36. Qxe4 Re8 37. Qg2 Re3 38. Re1 Rxe1 39. Bxe1 Qxf4+ 40. Kh1 Qxc4 41. Bf2 Qxa4 42. Bxc5 bxc5 43. Qb7 Qd1+ 44. Kh2 Qe2+ 45. Kg1 Qe3+ 46. Kh2 Qf2+ 47. Kh1 Qxh4+ 48. Kg2 Qh3+ 49. Kg1 Qe3+ 50. Kh2 Qf2+ 51. Kh1 Qf3+ 0-1

[Event "GER-ch U14"]
[Site "Willingen"]
[Date "2023.05.30"]
[Round "4"]
[White "Korchynskyi, Mykola"]
[Black "Nechitailo, Nikita"]
[Result "0-1"]
[WhiteElo "2126"]
[BlackElo "2144"]
[PlyCount "76"]
[EventDate "2023.05.27"]
[EventType "swiss"]
[EventRounds "9"]
[EventCountry "GER"]
[SourceTitle "CBM 214 Extra"]
[Source "ChessBase"]
[SourceDate "2023.07.31"]
[SourceVersion "1"]
[SourceVersionDate "2023.07.31"]
[SourceQuality "1"]

1. c4 c5 2. Nc3 Nc6 3. g3 g6 4. Bg2 Bg7 5. e4 e6 6. Nge2 Nge7 7. 0-0 0-0 8. d3 a6 9. Rb1 d6 10. a3 Nd4 11. b4 Nec6 12. b5 axb5 13. Nxb5 Nxb5 14. Rxb5 Qc7 15. h4 h5 16. Kh1 Bd7 17. Rb1 Rfb8 18. f4 Ne7 19. Ng1 b5 20. f5 exf5 21. exf5 Nxf5 22. Bxa8 Rxa8 23. Kh2 Be5 24. Bf4 Rxa3 25. Qc2 bxc4 26. Bxe5 dxe5 27. Qxc4 Be6 28. Qc1 Ra2+ 29. Rb2 Ne3 30. Rxa2 Nxf1+ 31. Qxf1 Bxa2 32. Ne2 Qa5 33. Qc1 c4 34. dxc4 Qc5 35. Qe1 Qe3 36. Qd1 Bxc4 37. Ng1 Qf2+ 38. Kh1 Qxg3 0-1

[Event "GER-chT Lands U20"]
[Site "Wiesbaden"]
[Date "2022.10.04"]
[Round "7.3"]
[White "Malinowsky, Levi"]
[Black "Nechitailo, Nikita"]
[Result "1/2-1/2"]
[WhiteElo "1879"]
[BlackElo "1651"]
[PlyCount "130"]
[EventDate "2022.09.30"]
[EventType "team-swiss"]
[EventRounds "7"]
[EventCountry "GER"]
[SourceTitle "CBM 210 Extra"]
[Source "ChessBase"]
[SourceDate "2022.11.30"]
[SourceVersion "1"]
[SourceVersionDate "2022.11.30"]
[SourceQuality "1"]
[WhiteTeam "Schleswig Holstein U20"]
[BlackTeam "Niedersachsen U20"]
[WhiteTeamCountry "GER"]
[BlackTeamCountry "GER"]

1. e4 c5 2. Nf3 Nc6 3. Bb5 g6 4. 0-0 Bg7 5. c3 Nf6 6. Re1 0-0 7. d4 cxd4 8. cxd4 d5 9. e5 Ne4 10. Nc3 Nxc3 11. bxc3 Bg4 12. h3 Bxf3 13. Qxf3 Rc8 14. Ba3 a6 15. Ba4 Na5 16. Bb3 Nc4 17. Bc5 b5 18. Bxc4 bxc4 19. Rab1 Rc6 20. Rb7 Re8 21. Qg4 e6 22. Qf4 Rc7 23. Rb2 Bf8 24. Bb6 Qb8 25. a4 Ba3 26. Rbb1 Rb7 27. a5 Be7 28. Re2 Rc8 29. Reb2 Rc6 30. Qd2 Ba3 31. Ra2 Be7 32. Qc2 Qe8 33. Rab2 Ba3 34. Ra2 Be7 35. g3 Rc8 36. h4 Rcb8 37. h5 Bd8 38. Qa4 Qxa4 39. Rxa4 gxh5 40. Rab4 Be7 41. R4b2 Kf8 42. Kg2 Ke8 43. Rh1 h4 44. g4 Kd7 45. Ra2 Bg5 46. f4 Bd8 47. f5 Bg5 48. f6 Ke8 49. Kf3 Kf8 50. Rhh2 Kg8 51. Rh1 h6 52. Rhh2 Kh7 53. Rag2 Kg6 54. Rh3 h5 55. gxh5+ Kxh5 56. Rg4 Rh8 57. Rg2 Rbb8 58. Rg4 Rh6 59. Rg2 Rg6 60. Rg4 Rbg8 61. Bc5 Bxf6 62. Rxg6 Rxg6 63. exf6 Rxf6+ 64. Kg2 Kg5 65. Be7 e5 1/2-1/2

[Event "Kiev Spring op"]
[Site "Kiev"]
[Date "2021.07.17"]
[Round "9"]
[White "Podolskyi, Mykhailo"]
[Black "Nechitailo, Nikita"]
[Result "1-0"]
[WhiteElo "2007"]
[BlackElo "1191"]
[PlyCount "109"]
[EventDate "2021.07.10"]
[EventType "swiss"]
[EventRounds "9"]
[EventCountry "UKR"]
[SourceTitle "EXT 2024"]
[Source "ChessBase"]
[SourceDate "2023.10.10"]
[SourceVersion "1"]
[SourceVersionDate "2023.10.10"]
[SourceQuality "1"]

1. d4 Nf6 2. c4 e6 3. Nf3 c5 4. d5 exd5 5. cxd5 g6 6. Nc3 d6 7. h3 Bg7 8. e4 0-0 9. Bd3 b5 10. Nxb5 Nxe4 11. Bxe4 Re8 12. Nd2 Ba6 13. a4 f5 14. 0-0 fxe4 15. Nc4 Bxb5 16. axb5 Be5 17. Nxe5 Rxe5 18. Bf4 Rf5 19. Bg3 Nd7 20. Bxd6 Qf6 21. Bg3 Qxb2 22. Qa4 Qd4 23. Rfd1 Qxa4 24. Rxa4 Nb6 25. Rxe4 Nxd5 26. Rc1 Nb6 27. Re7 c4 28. Be5 Rf7 29. Re6 Rc8 30. Rc6 Rd8 31. Bc7 Rd2 32. Bxb6 axb6 33. R1xc4 Rfxf2 34. Rg4 Rb2 35. Rg5 Kg7 36. Rxb6 Kh6 37. Rg4 Rf5 38. Rh4+ Rh5 39. Rxh5+ Kxh5 40. Rb7 h6 41. b6 Kh4 42. Kh2 g5 43. Rb8 g4 44. hxg4 Kxg4 45. b7 Kh4 46. Kg1 Rb3 47. Kf2 Rb2+ 48. Kf3 Rb3+ 49. Kf4 Rb4+ 50. Ke5 Rb5+ 51. Kd6 h5 52. Kc6 Rb1 53. Rh8 Rc1+ 54. Kd5 Rd1+ 55. Ke4 1-0